00458nam a2200145 a 450000500170000000800410001705000220005810000210008024500190010126000400012030000080016065000150016899900190018395201100020220140414131853.0140318s19uu xx 00 eng d aM 621.3bSu5 2001 aSullivan, Edison aThomas Edison. aNew York :bScholastic, Inc,c2001. a128 aScientist- c110318d110318 001040aMUbMUcMd2014-03-18eBkRewardl0oM 621.3 Su5 2001pM0697r2014-04-14 00:00:00w2014-04-14yBK